El Personal laboral en las corporaciones locales : comentarios, legislación y jurisprudencia / Juan Cardona Torres comentarios, legislación y jurisprudencia / Juan Cardona Torres
ISBN:
84-7676-119-8
Descripción Física:
174 p. ; 24 cm
MARC
| LEADER | 00000nam a2200000Ia 4500 | ||
|---|---|---|---|
| 001 | 17292 | ||
| 008 | 160829s1989 xx 000 0 cat d | ||
| 020 | |a 84-7676-119-8 | ||
| 080 | |a D-3-71 | ||
| 100 | |a Cardona Torres, Juan |9 23148 | ||
| 245 | |a El Personal laboral en las corporaciones locales : |b comentarios, legislación y jurisprudencia / Juan Cardona Torres | ||
| 260 | |a Barcelona : |b Bosch, |c 1989 | ||
| 300 | |a 174 p. ; |c 24 cm | ||
| 650 | |a Funcionaris i empleats locals |x Dret i legislació |x Espanya |9 23149 | ||
| 650 | 0 | |a Administració local |9 34286 | |
| 901 | |a Arxiu | ||
| 942 | |n 1 | ||
| 952 | |0 1 |1 0 |2 udc |4 0 |5 2 |6 D371 |7 1 |9 42559 |a Arxiu |b Arxiu |d 2016-12-01 |l 0 |o D-3-71 |p 17292 |r 2016-12-01 00:00:00 |w 2016-12-01 |y ARXIU | ||
| 999 | |c 45064 |d 45064 | ||